Most Successful Formula 1 Driver For Every Current Constructor - Statistics

General Stats
  • This quiz has been taken 1,822 times
  • The average score is 8 of 10
Answer Stats
Constructor Answer % Correct
Mercedes Lewis Hamilton
97%
Ferrari Michael Schumacher
96%
Red Bull Sebastian Vettel
94%
Alpine Fernando Alonso
87%
McLaren Aryton Senna
84%
AlphaTauri Pierre Gasly
82%
Aston Martin Sebastian Vettel
82%
Haas Romain Grosjean
78%
Williams Nigel Mansell
70%
Alfa Romeo Juan Manuel Fangio
61%
No matching quizzes found
Score Distribution
Percent of People with Each Score
Percentile by Number Answered
Your Score History
You have not taken this quiz